| 000 | 00701nam a2200241Ia 4500 | ||
|---|---|---|---|
| 003 | OSt | ||
| 005 | 20221007113547.0 | ||
| 006 | a|||||r|||| 00| 0 | ||
| 007 | ta | ||
| 008 | 221006b |||||||| |||| 00| 0 eng d | ||
| 024 | _a31,484 | ||
| 037 | _cTextual | ||
| 040 |
_aLCO _cLCO _beng |
||
| 041 |
_2eng _aeng |
||
| 082 | _aZ2,192, P8 | ||
| 100 | _aMahmood Tahir | ||
| 245 | 0 | _aLaws of India on Religion and Religious Affair Foreword by Justice V.R. Krishna Iyer | |
| 260 |
_aDelhi _bUniversal Law Publishing Co. Pvt. Ltd. India _c2008 |
||
| 300 | _a324 | ||
| 650 |
_aRELIGION AND RELIGIOUS _9709072 |
||
| 942 |
_hZ2,192, P8 _cTEXL |
||
| 999 |
_c1201047 _d1201047 |
||